| 000 | 00453nam a2200193Ia 4500 | ||
|---|---|---|---|
| 003 | OSt | ||
| 005 | 20221005122119.0 | ||
| 006 | a|||||r|||| 00| 0 | ||
| 007 | ta | ||
| 008 | 221004b |||||||| |||| 00| 0 eng d | ||
| 024 | _a113249 | ||
| 037 | _cTextual | ||
| 040 |
_aCRL _cCRL _beng |
||
| 041 |
_2eng _aeng |
||
| 100 | _aSharma R S | ||
| 245 | 0 | _aInsurance Principal and Practice | |
| 942 |
_cTEXL _2cc |
||
| 999 |
_c1043292 _d1043292 |
||